Where Did These 2025-2026 Players Play Before Joining RB Leipzig - Statistics

General Stats
  • This quiz has been taken 6 times
  • The average score is 24 of 40
Answer Stats
Player Nationality Position Year Joined Answer % Correct
Timo Werner Germany FW 2016/2022 VFB Stuttgart/Chelsea
100%
Nicolas Seiwald Austria MF 2023 RB Salzburg
83%
Assan Ouédraogo Germany MF 2024 Schalke 04
83%
Conrad Harder Denmark FW 2025 Sporting Lisbon
83%
David Raum Germany DF 2022 TSG Hoffenheim
83%
Benjamin Henrichs Germany DF 2020 AS Monaco
67%
Arthur Vermeeren Belgium MF 2024 Atlético Madrid
67%
Andrija Maksimović Serbia MF 2025 Crvena zvezda
67%
Lutsharel Geertruida Netherlands DF 2024 Feyenoord
67%
Maarten Vandevoordt Belgium GK 2024 Genk
67%
Rômulo Cruz Brazil FW 2025 Göztepe
67%
Eljif Elmas North Macedonia MF 2024 Napoli
67%
El Chadaille Bitshiabu France DF 2023 PSG
67%
Johan Bakayoko Belgium FW 2025 PSV Eindhoven
67%
Timo Schlieck Germany GK 2024 RB Leipzig(Academy)
67%
Frederik Jäkel Germany DF 2019 RB Leipzig(Academy)
67%
Joyeux Masanka Bungi Belgium DF 2025 RB Leipzig(Academy)
67%
Lionel Voufack Germany DF 2024 RB Leipzig(Academy)
67%
Faik Sakar Germany MF 2024 RB Leipzig(Academy)
67%
Viggo Gebel Germany MF 2024 RB Leipzig(Academy)
67%
Yannick Eduardo Czech Republic FW 2024 RB Leipzig(Academy)
67%
Robert Ramsak Germany FW 2025 RB Leipzig(Academy)
67%
Loïs Openda Belgium FW 2023 RC Lens
67%
Christoph Baumgartner Austria MF 2023 TSG Hoffenheim
67%
Ridle Baku Germany DF 2025 VFL Wolfsburg
67%
Kosta Nedeljković (On Loan at Leipzig) Serbia DF 2025 Aston Villa
50%
Kevin Kampl Slovenia MF 2017 Bayer Leverkusen
50%
Antonio Nusa Norway MF 2024 Club Brugge
50%
Max Finkgräfe Germany DF 2025 FC Köln
50%
Willi Orbán Hungary DF 2015 Kaiserslautern
50%
Yan Diomande Ivory Coast FW 2025 Leganés
50%
Castello Lukeba France DF 2023 Lyon
50%
Ezechiel Banzuzi Netherlands MF 2025 OH Leuven
50%
Amadou Haidara Mali MF 2019 RB Salzburg
50%
Xaver Schlager Austria MF 2022 VFL Wolfsburg
50%
Jonathan Norbye Norway DF 2024 Alta IF
33%
Péter Gulácsi Hungary GK 2015 RB Salzburg
33%
Leopold Zingerle Germany GK 2023 SC Paderborn
33%
Tidiam Gomis France FW 2025 SM Caen
33%
Lukas Klostermann Germany DF 2014 VFL Bochum
33%
No matching quizzes found
Score Distribution
Percent of People with Each Score
Percentile by Number Answered
Your Score History
You have not taken this quiz